000 00218 a2200097 4500
001 14495
100 _aDrapir, E
245 _aBirth Control in Modern World
260 _aLondon
_bGeorge Allen
_c
090 _c11325
_d11325
942 _aNUST-CAE
_cM
_c1476
999 _c249568
_d249568